00377 a2200109 4500001001000000005001700010008004100027245010600068100002700174700002400201773004200225ART_5873520260410161636.0260409a 10aAnálisis conceptual para la determinación de costos en el Sector Público Nacional No Financiero1 aPeralta, Jorge Alberto1 aSardi, Jorge Carlos0 tEnfoquesg- N° 6 (jun. 2023)wREV416